书目信息 |
| 题名: |
高铁出发了
|
|
| 作者: | 曹慧思 , 董光磊 著 ;王莉莉 绘 | |
| 分册: | ||
| 出版信息: | 北京 北京科学技术出版社 2017.08 |
|
| 页数: | 30页 | |
| 开本: | 29cm | |
| 丛书名: | 中国高铁科学绘本 | |
| 单 册: | ||
| 中图分类: | ||
| 科图分类: | ||
| 主题词: | 高速铁路--儿童读物 , 铁路--特种 | |
| 电子资源: | ||
| ISBN: | 978-7-5304-9110-2 | |
| 000 | 01139nam 2200325 450 | |
| 001 | 2354983170 | |
| 005 | 20231122190459.63 | |
| 010 | @a978-7-5304-9110-2@dCNY39.00 | |
| 010 | @a978-7-5304-9017-4@b精装@dCNY39.00 | |
| 100 | @a20170801d2017 bemy0chiy50 ea | |
| 101 | 0 | @achi |
| 102 | @aCN@b110000 | |
| 105 | @aab z 000yy | |
| 106 | @ar | |
| 200 | 1 | @a高铁出发了@f曹慧思, 董光磊著@g王莉莉绘 |
| 210 | @a北京@c北京科学技术出版社@d2017.08 | |
| 215 | @a30页@c彩图, 地图@d29cm | |
| 225 | 2 | @a中国高铁科学绘本 |
| 300 | @a北京市科学技术协会科普创作出版资金资助 | |
| 330 | @a本书以“北京西—广州南”的一趟真实存在的高铁行程为线索, 将中国高铁的科技知识融入绘本的故事讲述之中, 介绍“中国高铁”相关科学技术知识, 包括车体设计、站台设计、供电系统、轨道与隧道设计、灾害应对等知识, 使儿童通过阅读本书, 对我国的高铁技术有一个基本的了解。 | |
| 410 | 0 | @12001 @a中国高铁科学绘本 |
| 606 | 0 | @a高速铁路@j儿童读物 |
| 606 | 0 | @a铁路@x特种 |
| 690 | @a@v5 | |
| 690 | @aU238-49@v4 | |
| 701 | 0 | @a曹慧思@4著 |
| 701 | 0 | @a董光磊@4著 |
| 702 | 0 | @a王莉莉@4绘 |
| 801 | 0 | @aCN@b安徽时代出版发行有限公司@c20170801 |
| 905 | @dU238-49@e1119 | |
| 高铁出发了/曹慧思, 董光磊著/王莉莉绘.-北京:北京科学技术出版社,2017.08 |
| 30页:彩图, 地图;29cm.-(中国高铁科学绘本) |
| 北京市科学技术协会科普创作出版资金资助 |
| ISBN 978-7-5304-9110-2:CNY39.00 |
| 本书以“北京西—广州南”的一趟真实存在的高铁行程为线索, 将中国高铁的科技知识融入绘本的故事讲述之中, 介绍“中国高铁”相关科学技术知识, 包括车体设计、站台设计、供电系统、轨道与隧道设计、灾害应对等知识, 使儿童通过阅读本书, 对我国的高铁技术有一个基本的了解。 |
| ● |
| 相关链接 |
|
|
|
|
正题名:高铁出发了
索取号:U238-49/1119
 
预约/预借
| 序号 | 登录号 | 条形码 | 馆藏地/架位号 | 状态 | 备注 |
| 1 | 1410554 | 214105546 | 第二样本阅览室/ [索取号:U238-49/1119] | 在馆 | |
| 2 | 1410555 | 214105555 | 第三借阅区/ [索取号:U238-49/1119] | 在馆 | |
| 3 | 1410556 | 214105564 | 教育系资料室/ [索取号:U238-49/1119] | 在馆 | |
| 4 | 1410557 | 214105573 | 教育系资料室/ [索取号:U238-49/1119] | 在馆 | |
| 5 | 1410558 | 214105582 | 第三借阅区/ [索取号:U238-49/1119] | 在馆 |